000 00341cam a22001097a 4500
008 180718b1975 xxu||||| |||| 00| 0 eng d
082 _at471x54 M
100 _aChaturvedi, T.N.
245 _aMangement for investment promotion
_cby T.N.Chaturvedi
260 _aNew Delhi
_bDepartment of Personnel & Administartive Reforms
_c1975
300 _a47p.
999 _c498183
_d498183